000 00487nam a2200121Ia 4500
008 220620s9999||||xx |||||||||||||| ||und||
100 _aCahn, Claude
245 0 _aBonobo Cognition and Behaviour
546 _aEnglish[eng]
650 _aLife Sciences
856 _uhttps://library.oapen.org/bitstream/20.500.12657/24576/1/1005534.pdf||https://library.oapen.org/bitstream/20.500.12657/24576/1/1005534.pdf||https://library.oapen.org/bitstream/20.500.12657/24576/1/1005534.pdf
942 _cEB
999 _c23467
_d23467